|
|
|
|
| LEADER |
00000nab a2200000uu 4500 |
| 001 |
vtls011457272 |
| 003 |
SK-MaSNL |
| 005 |
20260303151628.0 |
| 008 |
230222|1970 xo |||||||||||||||||cze| |
| 015 |
|
|
|a SNBRB
|
| 035 |
|
|
|a (urnnbn)urn:nbn:sk:snk:ar-a09ubj
|
| 035 |
|
|
|a (uuid)ea529cfb-a514-4b55-818e-bd0d5122a5e7
|
| 035 |
|
|
|a urn:nbn:sk:snk-abcrwf
|
| 040 |
|
|
|a SNKBUCL
|b slo
|c SNKBUCL
|e AACR2
|
| 041 |
0 |
|
|a cze
|
| 044 |
|
|
|a xo
|c SK
|
| 100 |
1 |
|
|a Kittner, Z.
|4 aut
|9 1124951
|
| 245 |
1 |
0 |
|a Koroze a protikorozní ochrana úložných zařízení
|c Z. Kittner
|
| 773 |
0 |
|
|t Strojnícky časopis
|g Roč. 21, č. 6 (1970), s. 665-667
|
| 958 |
|
|
|a OND
|
| 958 |
|
|
|a EUIPO
|
| 958 |
|
|
|a article16
|
| 999 |
|
|
|c 2018657
|d 2020587
|